[Event "HUN-chT2 0102"]
[Site "Hungary"]
[Date "2002.01.13"]
[Round "5"]
[White "Kevei, Peter"]
[Black "Isepy, Jozsef"]
[Result "0-1"]
[WhiteElo "2162"]
[BlackElo "2216"]
[PlyCount "108"]
[EventDate "2001.??.??"]
[EventType "team"]
[EventRounds "11"]
[EventCountry "HUN"]
[SourceTitle "EXT 2004"]
[Source "ChessBase"]
[SourceDate "2003.11.25"]
[SourceVersion "1"]
[SourceVersionDate "2003.11.25"]
[SourceQuality "1"]

1. e4 c5 2. Nf3 d6 3. Bc4 e6 4. d4 cxd4 5. Nxd4 Nf6 6. Nc3 a6 7. Bb3 Be7 8. g4 h6 9. Be3 Nc6 10. Rg1 Qa5 11. f3 Nd7 12. Qd2 Bh4+ 13. Ke2 Be7 14. a3 Nde5 15. h3 Bd7 16. f4 Ng6 17. Raf1 0-0-0 18. f5 Nge5 19. Nxc6 Nxc6 20. Na4 Qxd2+ 21. Kxd2 Rdf8 22. Nb6+ Kc7 23. Nxd7 Kxd7 24. Ke2 Bf6 25. c3 Ne5 26. Rd1 Rc8 27. Bf4 Ke7 28. Rd2 Rhd8 29. Rgd1 b5 30. Kf2 Bg5 31. Kg3 Bxf4+ 32. Kxf4 Nc4 33. Rc2 Ne5 34. Kg3 Rc6 35. a4 bxa4 36. Bxa4 Rc4 37. Rd4 Rdc8 38. Rcd2 Rb8 39. Rc2 a5 40. Rxc4 Nxc4 41. b3 Ne5 42. c4 Nd3 43. Bb5 Nc5 44. Ra2 Nxb3 45. Ra3 Nc5 46. Rxa5 Nxe4+ 47. Kf4 Nc5 48. fxe6 fxe6 49. Ra7+ Kf6 50. h4 g5+ 51. Kg3 Ne4+ 52. Kf3 Ke5 53. Rh7 Rf8+ 54. Ke3 Nf6 0-1

[Event "HUN-chT2 0102"]
[Site "Hungary"]
[Date "2001.11.18"]
[Round "3"]
[White "Ligart, Tamas"]
[Black "Isepy, Jozsef"]
[Result "1-0"]
[WhiteElo "2175"]
[BlackElo "2216"]
[PlyCount "55"]
[EventDate "2001.??.??"]
[EventType "team"]
[EventRounds "11"]
[EventCountry "HUN"]
[SourceTitle "EXT 2004"]
[Source "ChessBase"]
[SourceDate "2003.11.25"]
[SourceVersion "1"]
[SourceVersionDate "2003.11.25"]
[SourceQuality "1"]

1. e4 c5 2. b3 Nc6 3. Bb2 e5 4. f4 d6 5. Nf3 Nf6 6. Nc3 Bg4 7. Bb5 exf4 8. 0-0 Be7 9. Nd5 0-0 10. Nxe7+ Qxe7 11. Bxc6 bxc6 12. Qe1 Nd7 13. d3 f6 14. Qh4 Bxf3 15. Rxf3 g5 16. Qh3 Ne5 17. Rf2 Rae8 18. g3 fxg3 19. Qxg3 Rf7 20. Raf1 Ref8 21. Rf5 Qe6 22. R1f2 Ng6 23. Qg4 Qd7 24. Rg2 d5 25. h4 h6 26. Qh5 Kh7 27. hxg5 fxg5 28. Rgxg5 1-0

[Event "HUN-chT2 0102"]
[Site "Hungary"]
[Date "2001.10.14"]
[Round "2"]
[White "Isepy, Jozsef"]
[Black "Szakall, Tamas"]
[Result "0-1"]
[WhiteElo "2216"]
[BlackElo "2173"]
[PlyCount "56"]
[EventDate "2001.??.??"]
[EventType "team"]
[EventRounds "11"]
[EventCountry "HUN"]
[SourceTitle "EXT 2004"]
[Source "ChessBase"]
[SourceDate "2003.11.25"]
[SourceVersion "1"]
[SourceVersionDate "2003.11.25"]
[SourceQuality "1"]

1. e4 e5 2. Nf3 Nc6 3. Bb5 a6 4. Ba4 Nf6 5. 0-0 Be7 6. Re1 b5 7. Bb3 d6 8. c3 0-0 9. a4 Bg4 10. h3 Bh5 11. d4 Bxf3 12. gxf3 Na5 13. Bc2 Nh5 14. f4 Nxf4 15. Bxf4 exf4 16. Qf3 c5 17. dxc5 dxc5 18. Qxf4 Nc4 19. axb5 axb5 20. Rxa8 Qxa8 21. b3 Bd6 22. Qg4 Ne5 23. Qg2 Ng6 24. Rd1 Be5 25. Qg4 Qc6 26. Rd3 Nf4 27. Rf3 f5 28. exf5 h5 0-1

[Event "HUN-chT2 Maroczy 0001"]
[Site "Hungary"]
[Date "2001.03.25"]
[Round "9"]
[White "Kiss, Peter"]
[Black "Isepy, Jozsef"]
[Result "1-0"]
[WhiteElo "2165"]
[BlackElo "2194"]
[PlyCount "71"]
[EventDate "2000.11.26"]
[EventType "team"]
[EventRounds "11"]
[EventCountry "HUN"]
[SourceTitle "EXT 2007"]
[Source "ChessBase"]
[SourceDate "2006.11.23"]
[SourceVersion "1"]
[SourceVersionDate "2006.11.23"]
[SourceQuality "1"]
[WhiteTeam "Foti"]
[BlackTeam "Sarospatak II"]
[WhiteTeamCountry "HUN"]
[BlackTeamCountry "HUN"]

1. d4 Nf6 2. c4 g6 3. Nc3 d5 4. Bf4 Bg7 5. Rc1 0-0 6. e3 c5 7. dxc5 Qa5 8. cxd5 Rd8 9. Bc4 Qxc5 10. Qb3 Nbd7 11. Qb5 a6 12. Qxc5 Nxc5 13. b4 Nce4 14. Nge2 b5 15. Bb3 Bb7 16. Nxe4 Nxe4 17. f3 Nf6 18. e4 Rac8 19. Kf2 Nd7 20. Bc7 Re8 21. f4 Nf6 22. Ke3 Bh6 23. h3 e5 24. dxe6 fxe6 25. Nd4 Kf7 26. Be5 Nd7 27. Rxc8 Bxc8 28. Bd6 Kg7 29. Nxe6+ Kh8 30. Nc7 Rd8 31. Be7 Rf8 32. Bxf8 Bxf8 33. a3 Nb6 34. Nd5 Be6 35. Rc1 Kg7 36. Rc6 1-0

[Event "HUN-chT2 Maroczy 0001"]
[Site "Hungary"]
[Date "2001.02.04"]
[Round "6"]
[White "Demeter, Istvan"]
[Black "Isepy, Jozsef"]
[Result "1/2-1/2"]
[WhiteElo "2240"]
[BlackElo "2194"]
[PlyCount "81"]
[EventDate "2000.11.26"]
[EventType "team"]
[EventRounds "11"]
[EventCountry "HUN"]
[SourceTitle "EXT 2007"]
[Source "ChessBase"]
[SourceDate "2006.11.23"]
[SourceVersion "1"]
[SourceVersionDate "2006.11.23"]
[SourceQuality "1"]
[WhiteTeam "Matra"]
[BlackTeam "Sarospatak II"]
[WhiteTeamCountry "HUN"]
[BlackTeamCountry "HUN"]

1. Nf3 Nf6 2. g3 g6 3. Bg2 Bg7 4. 0-0 0-0 5. d3 c5 6. e4 d6 7. c3 Nc6 8. Nbd2 e5 9. h3 b5 10. Re1 Qb6 11. a4 b4 12. Nc4 Qc7 13. Ne3 Rb8 14. c4 Be6 15. b3 Qd7 16. Kh2 Nd4 17. Nxd4 exd4 18. Nd5 Bxd5 19. exd5 Rfe8 20. Ra2 Rxe1 21. Qxe1 Re8 22. Re2 Rxe2 23. Qxe2 Qe8 24. Bf3 Qxe2 25. Bxe2 Nd7 26. Bf4 Be5 27. Bc1 f5 28. Kg2 Kf7 29. f4 Bg7 30. g4 Nf6 31. g5 Ng8 32. h4 h6 33. Kg3 hxg5 34. hxg5 Bf8 35. Kh4 Be7 36. Kg3 Bd8 37. Bd1 Ne7 38. Kf3 Nc8 39. Ke2 Nb6 40. Kf3 Nd7 41. Kg3 1/2-1/2

[Event "HUN-chT2 Maroczy 0001"]
[Site "Hungary"]
[Date "2000.12.17"]
[Round "3"]
[White "Isepy, Jozsef"]
[Black "Szakolczai, Peter"]
[Result "1-0"]
[WhiteElo "2194"]
[BlackElo "2175"]
[PlyCount "65"]
[EventDate "2000.11.26"]
[EventType "team"]
[EventRounds "11"]
[EventCountry "HUN"]
[SourceTitle "EXT 2007"]
[Source "ChessBase"]
[SourceDate "2006.11.23"]
[SourceVersion "1"]
[SourceVersionDate "2006.11.23"]
[SourceQuality "1"]
[WhiteTeam "Sarospatak II"]
[BlackTeam "Kecskemet Szechenyi"]
[WhiteTeamCountry "HUN"]
[BlackTeamCountry "HUN"]

1. e4 c5 2. Nf3 e6 3. d4 cxd4 4. Nxd4 Nf6 5. Bd3 Nc6 6. Nf3 Be7 7. 0-0 d6 8. c4 0-0 9. Nc3 b6 10. b3 Bb7 11. Bb2 Rc8 12. Rc1 Rc7 13. Qe2 Nb4 14. Bb1 Qa8 15. Nd4 Rd8 16. Rfd1 Na6 17. Ndb5 Rcd7 18. Re1 Nc5 19. Rcd1 a6 20. Nd4 Rc7 21. h3 Rdc8 22. Qe3 g6 23. Nf3 Bc6 24. Nd5 exd5 25. exd5 Bb7 26. Qd4 Ne6 27. dxe6 Rf8 28. Ng5 Bxg2 29. exf7+ Rxf7 30. Nxf7 Bh1 31. Nh6+ Kf8 32. f3 Qxf3 33. Qf2 1-0

[Event "Alfoeld Cup op"]
[Site "Hajduszoboszlo"]
[Date "2000.08.26"]
[Round "9"]
[White "Mihalko, Jozsef"]
[Black "Isepy, Jozsef"]
[Result "1-0"]
[WhiteElo "2305"]
[BlackElo "2194"]
[PlyCount "57"]
[EventDate "2000.08.??"]
[EventType "swiss"]
[EventRounds "9"]
[EventCountry "HUN"]
[SourceTitle "EXT 2004"]
[Source "ChessBase"]
[SourceDate "2003.11.25"]
[SourceVersion "1"]
[SourceVersionDate "2003.11.25"]
[SourceQuality "1"]

1. e4 c5 2. Nc3 Nc6 3. g3 g6 4. d3 Bg7 5. Be3 d6 6. Qd2 e6 7. Bg2 Nge7 8. Nd1 Qa5 9. c3 d5 10. Bh6 0-0 11. h4 dxe4 12. Bxg7 Kxg7 13. h5 Ng8 14. Bxe4 Qd8 15. f4 Nf6 16. Bf3 h6 17. Nf2 Ne7 18. 0-0-0 Rb8 19. g4 b5 20. Ne2 Bb7 21. Bxb7 Rxb7 22. hxg6 fxg6 23. f5 g5 24. fxe6 Qd5 25. d4 Qxa2 26. dxc5 Qxe6 27. Nd4 Qc4 28. Rde1 Rf7 29. Ne6+ 1-0